Les meilleures confédérations - Statistiques

Statistiques générales
  • Ce quiz a été pris 22 fois
  • Le résultat moyen est 3 sur 6
Statistiques - réponses
Nombre de nations Confédération % Correct
26 UEFA
100%
7 CAF
57%
7 CONMEBOL
57%
5 CONCACAF
43%
5 AFC
33%
0 OFC
33%
Aucun quiz correspondant
Distribution des résultats
% des personnes avec chaque résultat
Percentile par nombre de réponses
Votre historique - résultats
Vous n’avez pas pris ce quiz